[Event "Sants Open 2023"]
[Site "Chess.com"]
[Date "2023.08.18"]
[Round "1"]
[White "Amar, Elham (NORWAY)"]
[Black "Franco Valencia, Angela"]
[Result "1-0"]
[WhiteElo "2523"]
[BlackElo "2047"]
[Annotator "IM Sequera Paolini, Jose"]
[PlyCount "77"]
[EventDate "2023.??.??"]

1. e4 e5 2. Nf3 Nc6 3. Bb5 a6 4. Ba4 d6 5. O-O Bd7 6. c3 g6 7. d4 Bg7 8. Be3 {
Simplemente desarrollo} ({Igualmente también natural y de desarrollo es} 8.
Re1 Nf6 9. Nbd2 O-O 10. Nf1 ({Sigue sin ser aprovechable la captura del peón
en e5} 10. Bxc6 Bxc6 11. dxe5 dxe5 12. Nxe5 Bxe4 13. Nxe4 Qxd1) 10... exd4 11.
cxd4 Re8 (11... Bg4) 12. Ng3 Bg4 {quizás las vueltas de más que da el
caballo blanco provocan que el negro obtenga algo de iniciativa}) 8... Nf6 9.
Nbd2 exd4 (9... O-O 10. h3 Re8 11. Bc2 {Se mantiene la tensión central}) 10.
cxd4 O-O 11. d5 {Primera decisión importante del campeón de Sants 2023} (11.
h3 Re8 12. Bc2 {Se mantiene la tensión} h6 13. Re1 {A las negras les cuesta
conseguir jugadas} Nh5 14. Rc1) 11... Ne5 $2 {Las negras fallan y van a llegar
de manera forzada a una posición más que incómoda} (11... Ne7 12. Rc1 {
aquí las blancas parece que aprietan} {Sin embargo luego de} Bxa4 13. Qxa4 c6
14. dxc6 Nxc6 15. Rfd1 Re8 {La presión sobre e4 parece justificar la
debilidad en d6}) 12. Nxe5 dxe5 13. Bxd7 Qxd7 14. Rc1 Rfc8 15. f3 Ne8 16. Nb3
Nd6 17. Qd2 h5 18. Rc2 a5 19. Rfc1 a4 20. Nc5 Qe7 21. Qb4 a3 22. bxa3 $1 Bf8
23. Qb3 ({Era posible capturar en b7? veamos...} 23. Nxb7 Nxb7 (23... Rab8 24.
Nxd6 Qxd6 25. Bc5 $18) (23... Rcb8 24. Rxc7 Rxb7 25. Qxb7 Nxb7 26. Rxe7 Bxe7
27. Rc7 $18) 24. Qxb7 Qxa3 (24... Rab8 25. Qc6 Qxa3 26. Bc5) 25. Bg5 Bd6 26.
Qb5) 23... c6 24. Na4 cxd5 25. Nb6 Rxc2 26. Rxc2 Ra5 27. Nxd5 Qh4 28. Bf2 Qg5
29. h4 Qh6 30. Qc3 Ra6 31. Qxe5 Bg7 32. Nf6+ Bxf6 33. Qxf6 Ne8 34. Qe7 Qf8 35.
Qxb7 Qxa3 36. Rc8 Re6 37. Qb5 Kg7 38. Rxe8 Qc1+ 39. Kh2 1-0

[Event "Sants Open 2023"]
[Site "Chess.com"]
[Date "2023.08.19"]
[Round "2"]
[White "Webb, Laurence E"]
[Black "Amar, Elham (NORWAY)"]
[Result "0-1"]
[WhiteElo "2180"]
[BlackElo "2523"]
[Annotator "IM Sequera Paolini, Jose"]
[PlyCount "114"]
[EventDate "2023.??.??"]

{[%evp 0,114,23,23,81,82,69,63,63,63,63,45,57,60,47,41,84,23,33,3,9,-11,-11,
-11,1,-46,0,0,7,-9,-9,-17,-17,-20,-24,-26,-14,-24,-24,-32,-15,-41,-27,-31,-41,
-52,-35,-50,-6,3,5,-57,-62,-74,-74,-66,-59,-69,-69,-40,-36,-67,-83,-159,-42,
-49,0,-25,0,-66,-45,-37,-33,-74,-29,-80,-74,-72,-41,-66,-60,-88,-161,-150,-178,
-176,-201,-191,-191,-182,-201,-201,-185,-188,-172,-187,-139,-172,-78,-211,-146,
-216,-314,-310,-288,-281,-264,-401,-398,-390,-387,-387,-389,-392,-386,-387,
-387]} 1. d4 f5 2. Nc3 Nf6 3. Bg5 d5 4. e3 ({Lo más natural es} 4. Bxf6 {
y la partida puede continuar así} exf6 5. e3 Be6 6. Bd3 Nc6 7. Qf3 Qd7 8. Nge2
(8. a3 O-O-O 9. Nge2 g5 (9... h5 10. h4 Kb8) 10. Ng3 f4 11. exf4 Nxd4 12. Qe3
Nxc2+ 13. Bxc2 d4 14. Qd2 gxf4 15. Qxf4 dxc3 16. bxc3 Bd6) 8... Nb4 9. Nf4 Bf7
10. h4 h5 11. O-O-O Nxd3+ 12. Nxd3 b6 13. Kb1 c6) (4. f3 Nc6 5. Qd2 e6 6. O-O-O
Bb4 7. a3 Ba5) 4... e6 5. Nf3 Nbd7 (5... Bd7 6. Bd3 c5 7. Ne5 Nc6 8. f4 cxd4 9.
Nxc6 bxc6 10. exd4 c5) 6. Bd3 (6. Ne2 Bd6 7. Nf4 Qe7 8. Be2) 6... c5 {Las
negras comienzan a pegar casi sin despeinarse} 7. O-O a6 8. Re1 Be7 9. Bf1 O-O
10. Ne2 Ne4 11. Bxe7 Qxe7 12. Nf4 c4 {Se amenaza ahora ...g5} 13. h4 b5 14. Ng5
Ndf6 15. g3 Bd7 16. Nxe4 fxe4 17. c3 a5 {El campeón juega a placer con negras}
18. Bh3 b4 19. Qd2 (19. b3 Rfc8) 19... Rab8 20. b3 Rfc8 21. Rec1 Qd6 22. Kg2
Rc7 23. g4 Rbc8 ({era necesario} 23... h6 {para mantener la vitalidad del
caballo negro} 24. g5 hxg5 25. hxg5 Nh7 26. g6 Nf6) 24. g5 Ne8 25. Rab1 (25.
bxc4 dxc4 (25... Rxc4 26. cxb4 axb4 27. Rab1 $13) 26. Qe2 Rc6) 25... cxb3 26.
Rxb3 {amenaza a3} Rc4 (26... Kh8 {bonito detalle para responder a a3 con Aa4 y
no tener el jaque en e6} 27. a3 Ba4) 27. Ne2 $2 (27. a3 bxa3 28. Ra1 $13) 27...
Qc6 {abolutamente lógico} (27... Qf8 {[#] Pero este cambio de juego, llevando
la pelota a la otra banda del tablero es sencillamente ejemplarizante y brutal}
28. Bg4 (28. Nf4 Nd6 {Sigue clavado el peón de c} 29. Nxe6 (29. Bxe6+ Bxe6 30.
Nxe6 Qf3+) (29. a3 Nf5 30. Bxf5 Qxf5 31. axb4 Qg4+ 32. Kf1 Qxh4 33. bxa5 e5 {
El flanco de rey blanco hace aguas}) 29... Qf7 30. Nf4 Bxh3+ 31. Kxh3 Qd7+ 32.
Kh2 Qg4) 28... Qf7 29. cxb4 (29. h5 Qe7 {Iniciativa}) 29... h5 30. gxh6 Rxc1
31. Nxc1 Qg6 32. Kh3 Nf6 33. Be2 Qg1) 28. a3 bxa3 29. Rxa3 a4 30. Rb1 Nd6 31.
Qb2 Kf7 $2 ({Había que insistir con el cambio de banda, dirigiendo la pelota
al flanco de rey} 31... e5 32. dxe5 Bxh3+ 33. Kxh3 Qd7+ 34. Kh2 Nf7 $1 $17) 32.
Nf4 Rxc3 33. Rxc3 Qxc3 34. Qxc3 (34. Qe2 {era quizás el último buen intento
del blanco}) 34... Rxc3 35. Rb6 Ke7 36. Ra6 {[#]} Rc7 ({Veamos ahora un bello
tema de simplificación para imponer el peón bala "a"} 36... Ne8 37. Bxe6 {
de otro modo el caballo negro iba rumbo a c7 resolviendo todo} (37. Nxe6 Rc6
38. Nc5 Bxh3+ 39. Kxh3 Rxa6 40. Nxa6 a3 41. Nb4 Ke6 42. Kg4 Nd6 43. f3 exf3 44.
Kxf3 Ne4 45. Na2 Kf5) 37... Rc6 38. Rxc6 Bxc6 39. Bxd5 Kd6 40. Ba2 Nc7 {
buena lección que al parecer la única forma de avanzar en pos de la victoria
es dando un peón que dicho sea de paso, parece un péon importante}) 37. Kg3
g6 38. Bg4 Rc1 39. Kh2 Rb1 ({Lo correcto es nuevamente} 39... Ne8) ({tampoco
funciona} 39... Ra1 40. h5 gxh5 41. Nxh5 a3 42. Nf6 a2 43. Nxh7 $13) 40. Ra8 $4
{Finalmente las blancas aflojan la importante presión sobre e6, que al menos,
psicológicamente, mantenía al negro con dificultades para progresar} ({
Veamos el siguiente intento de contrajuego} 40. h5 gxh5 {forzado} 41. Nxh5 {
se amenaza ir a por el de h7 y crear un molesto peón pasado} Nf7 42. Nf6 Nxg5
43. Nxd7 Kxd7 44. Rxa4 {la iniciativa blanca ha provocado la pérdida del
fuerte peón "a" de las negras}) 40... Nc8 {al fin, se pudo mover el caballo
de d6} 41. h5 gxh5 42. Nxh5 Rb7 {ahora la torre sí consigue un importante
punto de apoyo en a7} 43. Nf6 Ra7 44. Rb8 (44. Rxa7 Nxa7 45. Nxh7 a3 46. g6 a2
47. Bh5 e5 48. g7 Be6) 44... a3 45. Rb1 a2 46. Ra1 Bb5 47. Nxh7 Nd6 48. g6 Ne8
{el clásico bloqueador} 49. Ng5 Kf6 ({Lo más preciso es} 49... Bc4 50. Nxe6
Nf6 51. Bf5 Rb7 52. g7 Rb1 $19) 50. Bxe6 $4 ({aún planteaba algunas espinas} 
50. Nf7 Kxg6 (50... Bc4 51. Ne5) 51. Bxe6) 50... Bc4 $1 51. Bf7 Kxg5 52. Bxe8
Kf6 53. Bf7 Rb7 54. Kg3 Rb1 55. Rxa2 Bxa2 56. f3 exf3 57. Kxf3 Bc4 0-1

[Event "Sants Open 2023"]
[Site "Chess.com"]
[Date "2023.08.20"]
[Round "3"]
[White "Amar, Elham (NORWAY)"]
[Black "Mateus, Alejandro"]
[Result "1-0"]
[WhiteElo "2523"]
[BlackElo "2292"]
[Annotator "IM Sequera Paolini, Jose"]
[PlyCount "81"]
[EventDate "2023.??.??"]

{[%evp 0,81,23,13,52,51,81,53,51,32,37,30,45,32,34,6,36,26,47,38,31,21,31,17,
17,30,19,-3,-3,0,16,4,-4,-3,-5,0,0,8,4,1,16,16,15,19,13,20,47,53,53,68,89,82,
137,136,134,137,132,132,132,95,102,24,14,29,136,145,152,118,159,159,243,159,
118,160,183,174,162,149,270,285,305,285,636,634]} 1. e4 c5 2. Nf3 d6 3. d4 cxd4
4. Nxd4 Nf6 5. Nc3 a6 6. h3 {El ataque Adams} e5 7. Nb3 (7. Nde2 {Es otra de
las variantes importantes}) 7... Be6 8. f4 Qc7 ({En caso de} 8... Nc6 9. f5
Bxb3 10. axb3 d5 11. exd5 Nd4 (11... Nb4 12. g4 Nfxd5 13. Nxd5 Nxd5 14. Bb5+
$18) 12. Bd3 Nxd5 (12... Qb6 13. Bg5) 13. O-O Bc5 14. Kh1 O-O 15. Nxd5 Qxd5 16.
c3 Nc6 17. f6 e4 18. Qg4 $18) (8... exf4 9. Bxf4 Nc6 10. Qe2 Be7 11. O-O-O) (
8... g6 9. Be2 Nbd7 10. Be3 b5 11. a3) 9. f5 Bc4 10. Bxc4 Qxc4 {[#]} 11. Qd3 {
El campeón de Sants 2023 elige lo más técnico} (11. Bg5 Nbd7 (11... Nxe4 $2
12. Qg4 $1 d5 13. O-O-O $1 Nxg5 14. Qxg5 d4 15. Nxd4 $3 $18 exd4 16. Rhe1+ Kd7
17. f6 $3 gxf6 18. Qf5+ Kc7 (18... Kc6 19. Qc8+ $18) 19. Nd5+ $18) 12. Nd2 Qb4
(12... Qc6 13. Qe2 Be7 14. O-O-O) 13. Qf3 Qxb2 14. Rb1 Qa3 15. Rxb7 Rc8 16. Nb3
{con juego brutalmente afilado y digno de estudio}) (11. Qf3 {es también
interesante}) 11... Qxd3 12. cxd3 Nbd7 {y ahora el negro quiere hacer ...d5}
13. g4 (13. Bd2 d5 14. Rc1 (14. exd5 Nb6 $11) 14... Rc8 15. O-O) ({si ahora
por ejemplo} 13. Be3 d5 14. exd5 Bb4 {Sin problemas}) 13... h6 $1 14. Bd2 (14.
Be3 d5 15. exd5 Bb4 16. d6 Bxd6 17. Rc1) 14... O-O-O 15. Ke2 {[#]} Kb8 ({
Luego de} 15... d5 16. Rac1 (16. g5 hxg5 17. Bxg5 d4 18. Nd5 Nxd5) 16... Kb8 {
francamente, las negras no deben tener problemas. En este sentido no
recomiendo la variante con 11. Dd3} 17. g5 hxg5 18. Bxg5 Be7 $15) 16. g5 (16.
Be1 d5 17. Bg3) 16... hxg5 17. Bxg5 Be7 18. Rag1 Rh7 (18... d5 {sigue siendo
liberador} 19. exd5 ({en caso de} 19. Bxf6 Nxf6 20. Rxg7 Nh5 21. Rg4 dxe4 22.
dxe4 Nf4+ 23. Kf2 Bh4+ $19) 19... Nb6) 19. Nd2 Rdh8 (19... d5 20. exd5 Nb6 21.
Nc4 Nbxd5 22. Nxe5 Bc5 23. Re1 (23. Rg3 $4 Re8) 23... Bb4) 20. h4 b5 21. a3 Bd8
(21... Nb6 22. Be3 Kb7 23. Nf3) 22. Nf3 Nb6 23. Be3 Nfd7 24. Rg2 Bf6 25. Bg5 {
[#]} Bxg5 $4 (25... Nc5 26. Bxf6 gxf6 27. Rhg1 Nb7 {Para qué? para hacer ...d5
}) 26. Nxg5 Rxh4 27. Rxh4 Rxh4 28. Nxf7 Kc7 29. Ng5 $18 Nf8 30. Ne6+ Nxe6 31.
fxe6 Kc6 32. Rxg7 Rh6 33. Re7 d5 34. Ra7 dxe4 35. dxe4 Rxe6 36. Rxa6 Kb7 37.
Ra5 b4 38. axb4 Rh6 39. Rxe5 Rh2+ 40. Kd3 Rxb2 41. Rb5 1-0

[Event "Sants Open 2023"]
[Site "Chess.com"]
[Date "2023.08.21"]
[Round "4"]
[White "Valenzuela Gomez, Fernando"]
[Black "Amar, Elham (NORWAY)"]
[Result "0-1"]
[WhiteElo "2393"]
[BlackElo "2523"]
[Annotator "IM Sequera Paolini, Jose"]
[PlyCount "76"]
[EventDate "2023.??.??"]
[Source "Analyze This Pro"]
[TimeControl "40/5400+30:1800+30"]

{[%evp 0,76,30,13,104,63,84,62,66,66,76,46,37,34,28,20,40,28,28,25,46,34,64,46,
33,47,41,57,40,26,42,26,43,31,25,36,36,25,35,39,33,-5,-7,17,10,18,18,19,56,-23,
14,-3,0,6,16,6,-3,0,0,0,-7,0,0,0,-22,-22,0,-107,-117,-100,-94,-197,-167,-404,
-410,-455,-455,-952,-970]} 1. e4 {[%emt 0:16:29]} c6 {[%emt 0:00:04]} 2. d4 {
[%emt 0:00:05]} d5 {[%emt 0:00:02]} 3. e5 {[%emt 0:00:15]} c5 {[%emt 0:00:04]}
4. Nf3 {[%emt 0:00:11]} ({rechazando la principal} 4. dxc5) 4... cxd4 {[%emt 0:
00:05]} 5. Nxd4 {[%emt 0:00:06]} Nc6 {[%emt 0:00:03]} 6. Nxc6 {[%emt 0:00:08]}
({Es interesante} 6. c4 {luego de} e6 7. Nc3 Bb4 8. cxd5 Qxd5 9. Nxc6 bxc6 {
Las negras están tranquilas}) 6... bxc6 {[%emt 0:00:02]} 7. Bd3 {[%emt 0:00:
03]} e6 {[%emt 0:00:13]} 8. O-O {[%emt 0:00:46]} Ne7 {[%emt 0:00:06]} 9. Nd2 {
[%emt 0:00:34]} a5 {[%emt 0:00:05] las negras a tratar de cambiar los alfiles
de blancas y terminar el desarrollo. Las blancas a intentar de abrir un poco
el centro antes que las negras puedan enrocar} 10. Nf3 {[%emt 0:03:41]} (10. c4
Ng6 11. Nf3 Be7 12. cxd5 exd5 {activando el alfil de casillas blancas de las
negras pero hay que tener cuidado con el peón "e" de las blancas} ({en caso de
} 12... cxd5 13. g3 O-O 14. h4 f6 15. exf6 Bxf6 16. Re1 e5 17. Bxg6 hxg6 18.
Nxe5 Bf5 {posición incierta}) 13. Nd4 Qc7 ({es muy arriesgado jugar} 13...
Nxe5 14. Re1 Bg4 ({No vale} 14... Nxd3 15. Nxc6 $18) 15. Qc2 (15. f3 $2 Nxd3
16. Nxc6 Qb6+ $19) 15... Nxd3 16. Rxe7+ Qxe7 17. Qxc6+ Bd7 18. Qxa8+ Qd8 19.
Qxd5 O-O 20. b3 {las blancas pueden conservar un peón de ventaja}) (13... Bd7)
14. Qc2 Bd7 15. Re1 O-O (15... Nxe5 $4 16. Bf4 f6 17. Bxh7 $16) 16. e6 fxe6 17.
Nxe6 Bxe6 18. Rxe6 Bd6 {con posición muy complicada}) 10... Ba6 {[%emt 0:00:
38]} 11. Bxa6 {[%emt 0:00:16]} Rxa6 {[%emt 0:00:04]} 12. c4 {[%emt 0:00:30]}
Ng6 {[%emt 0:00:50]} 13. cxd5 {[%emt 0:00:13]} cxd5 {[%emt 0:12:39]} 14. Qe2 {
[%emt 0:01:00]} ({En este momento} 14. g3 {ya no causaría ningún problema}
Bc5 15. h4 Ne7) 14... Ra8 {[%emt 0:04:36]} 15. h4 {[%emt 0:00:46] sin
necesidad de hacer g3 previamente} h5 {[%emt 0:13:22]} 16. Be3 {[%emt 0:02:52]}
Be7 {[%emt 0:02:06]} 17. g3 {[%emt 0:00:04] el peón negro en h5 es ahora un
detalle que las negras deben mantener bajo supervisión} Qd7 {[%emt 0:09:33]}
18. Bd4 {[%emt 0:01:13]} Rc8 {[%emt 0:02:07]} 19. Rfd1 {[%emt 0:01:16] [#]} ({
Si,} 19. Rfc1 O-O 20. Nd2 (20. Rxc8 Rxc8 21. Nd2 Bc5 22. Bxc5 Rxc5 23. Nf3 Qc7
{las negras sin problemas}) 20... Rxc1+ 21. Rxc1 Qa4 $11) 19... Qc6 {[%emt 0:
10:36] muy atrevido provocar el cambio de la dama por las dos torres} (19...
O-O 20. Ne1 $14) ({es interesante} 19... Qb7 20. Rac1 O-O 21. Ne1 Bb4 22. Qxh5
Rxc1 23. Rxc1 Bxe1 24. Rxe1 Ne7 25. Rc1 Rc8 26. Rxc8+ Qxc8 27. Qd1 Qc4 {
las negras con su mejor pieza compensan el peón de menos}) 20. Rac1 {[%emt 0:
13:25]} Qxc1 {[%emt 0:00:43]} ({por supuesto ya no es posible huir} 20... Qb7
21. Rxc8+ Qxc8 22. Qb5+) 21. Rxc1 {[%emt 0:00:07]} Rxc1+ {[%emt 0:00:04]} 22.
Kg2 {[%emt 0:00:14]} O-O {[%emt 0:00:43]} 23. Bc3 {[%emt 0:13:06] toca el
peón solitario de "a" y también se propone evitar la reunificación familiar
de las hermanas} Rc8 {[%emt 0:10:42] [#]} 24. Nd4 {[%emt 0:04:11]} (24. Ng5 $4
Bxg5 25. hxg5 h4 {Las negras se activan demasiado}) ({Las blancas consiguen
ventaja luego de} 24. Qa6 Rc4 (24... Rc5 25. a4 Ra1 26. Bd4) 25. Qxa5 Bc5 26.
Nd2 Rg4 27. Qxc5 Nxh4+ 28. Kh2 d4 29. gxh4 $18) 24... Bb4 {[%emt 0:08:23]} 25.
Qa6 {[%emt 0:16:17] un tanto tarde!} (25. Qd2 Ra1 26. Bxb4 axb4 27. Qxb4 Rxa2 {
Aunque no será fácil, las negras deben tener las mejores oportunidades}) {
Las negras están a tiempo de responder} 25... Ne7 {[%emt 0:09:46]} 26. Nb3 {
[%emt 0:05:27]} (26. Qb7 Bxc3 27. bxc3 Kf8 28. Nb5 Rb1 29. Qa6 $13) 26... Rc2 {
[%emt 0:00:28]} 27. Qd3 {[%emt 0:04:38] [#]} R2xc3 {[%emt 0:00:04]} 28. bxc3 {
[%emt 0:00:06]} Rxc3 {[%emt 0:00:05]} 29. Qb5 {[%emt 0:02:37]} Nc6 {[%emt 0:00:
01] las negras tienen todo defendido y se proponen intentar avanzar su peón
libre} 30. a3 {[%emt 0:07:44] Las blancas quieren deshacer la armonía de las
piezas negras} Bf8 {[%emt 0:02:50] De esta manera evita perder el peón de a5}
(30... Bxa3 31. Nxa5 Rc5 32. Qa4 Rxa5 33. Qxc6 {Esto no será más que tablas})
31. a4 {[%emt 0:03:24]} (31. Nxa5 $4 Rc5 32. Qxc5 Bxc5 33. Nxc6 Bxa3 $19) 31...
Nxe5 {[%emt 0:04:35]} 32. Nxa5 {[%emt 0:00:28]} Rc5 {[%emt 0:01:05]} 33. Qa6 {
[%emt 0:00:41]} ({En caso de} 33. Qb6 Nc4 34. Nxc4 dxc4 {el campeón de Sants
2023 busca por todos los medios crear posiciones en las que se pueda intentar
la victoria} 35. a5 c3 36. a6 c2 37. a7 Rc8 38. Qb2 g6 39. Qxc2 Rxc2 40. a8=Q {
Aunque la precisión de ambas partes llegaría a la igualdad}) 33... Rc2 {
[%emt 0:01:15] a por el peón de f2} 34. Qb6 {[%emt 0:01:55]} Ng4 {[%emt 0:06:
35]} 35. Nc6 {[%emt 0:00:42] [#]} g6 $1 {[%emt 0:02:01]} (35... Rxf2+ 36. Qxf2
Nxf2 37. Kxf2 Bc5+ 38. Kf3 f6 39. a5 e5 40. a6 g5 {irá a tablas}) ({cuidado
con la tentación de jugar} 35... Bc5 $4 36. Qb8+ Kh7 37. Qb1 $18 {y este
pequeñito detalle da la victoria al blanco}) 36. a5 $4 {[%emt 0:01:11] [#]
Tanto coraje e intentos firmes sólo por ganar, finalmente dará sus frutos} (
36. Kf1 Bc5 37. Qb8+ Kg7 38. Ne5 Rxf2+ 39. Ke1 Bd4 40. Nxg4 hxg4 41. a5 Ra2 42.
Qb4 e5 43. Qb5 Ra3 {El negro aún crea potencialidades para intentar ganar la
partida}) 36... Bc5 {[%emt 0:00:19]} 37. Qb8+ {[%emt 0:00:38]} Kg7 {[%emt 0:00:
23]} 38. Kf1 {[%emt 0:00:29]} (38. Ne5 Rxf2+ 39. Kg1 Rb2+) 38... Bxf2 {[%emt 0:
00:32]} 0-1

[Event "Sants Open 2023"]
[Site "Chess.com"]
[Date "2023.08.22"]
[Round "5"]
[White "Amar, Elham (NORWAY)"]
[Black "Iermito, Sebastian"]
[Result "1/2-1/2"]
[WhiteElo "2523"]
[BlackElo "2509"]
[Annotator "IM Sequera Paolini, Jose"]
[PlyCount "90"]
[EventDate "2023.??.??"]
[Source "Analyze This Pro"]
[TimeControl "40/5400+30:1800+30"]

{[%evp 0,90,25,13,13,19,24,24,50,20,41,41,36,36,24,26,31,19,30,22,26,0,0,1,49,
58,40,0,1,1,-3,-31,0,0,0,-4,6,6,4,-9,-9,-26,-39,-39,-22,-20,-28,-27,-13,-13,
-21,-14,-20,-21,-39,-38,0,0,0,0,0,0,0,0,23,6,7,7,12,7,8,0,6,10,13,12,14,0,18,
36,14,14,16,22,25,23,44,60,59,44,49,28,28]} 1. e4 {[%emt 0:08:48]} e5 {[%emt 0:
00:13]} 2. Nf3 {[%emt 0:00:12]} Nc6 {[%emt 0:00:04]} 3. Bb5 {[%emt 0:00:04]}
Nge7 {[%emt 0:00:09]} 4. O-O {[%emt 0:03:53]} Ng6 {[%emt 0:00:06]} (4... g6 5.
c3 Bg7 6. d4 exd4 7. cxd4 d5 8. exd5 Nxd5 9. Bg5 Qd6 10. Re1+ Be6 11. Nbd2 $14)
5. d4 {[%emt 0:06:53]} exd4 {[%emt 0:00:10]} 6. Nxd4 {[%emt 0:02:31]} Bc5 {
[%emt 0:00:06]} 7. Nb3 {[%emt 0:06:34]} Bb6 {[%emt 0:00:04]} 8. Nc3 {[%emt 0:
00:29]} a6 {[%emt 0:01:24]} (8... d6 9. Nd5 O-O 10. a4 a6 11. Nxb6 cxb6 12. Be2
{las blancas deben conformarse con el peón débil de d6}) 9. Bd3 {[%emt 0:04:
45]} d6 {[%emt 0:01:14]} 10. Kh1 {[%emt 0:02:54]} O-O {[%emt 0:00:53]} 11. f4 {
[%emt 0:01:12]} f5 {[%emt 0:17:21]} (11... f6 12. Nd5 Ba7 13. Qh5 {luego Tf3,
f5, Th3}) 12. Nd5 {[%emt 0:18:26]} Ba7 {[%emt 0:01:39]} 13. exf5 {[%emt 0:02:
12]} (13. Nd2 {Posiblemente sea mejor reciclar este caballo hacia el centro -
flanco de rey} Nce7 14. c4) 13... Bxf5 {[%emt 0:00:21]} 14. Bxf5 {[%emt 0:00:
30]} Rxf5 {[%emt 0:00:05]} 15. Qg4 {[%emt 0:04:09]} Nge7 {[%emt 0:08:03]} (
15... Qd7 16. Be3 ({No vale} 16. Nxc7 $4 Raf8 {el caballo está atrapado ya
que al mismo tiempo hay temas de mate en la primera fila}) 16... Qf7 17. Nxc7
Rf8 18. Bxa7 Nxa7 19. Nd4 {las blancas salvan la pieza} Rxf4 20. Rxf4 Qxf4 21.
Qxf4 Rxf4 {pero la posición es igual}) 16. Nxe7+ {[%emt 0:02:36]} Nxe7 {
[%emt 0:00:03]} 17. Bd2 {[%emt 0:00:10]} Rf7 {[%emt 0:05:41]} (17... Qf8 18.
Rae1 {molestando un poco}) 18. Qe6 {[%emt 0:03:41]} Qc8 {[%emt 0:11:51]} 19.
Qxc8+ {[%emt 0:03:00]} Rxc8 {[%emt 0:00:09]} 20. g4 {[%emt 0:01:15]} Rcf8 {
[%emt 0:24:58]} 21. Rae1 {[%emt 0:07:00]} h5 {[%emt 0:06:04]} 22. gxh5 {
[%emt 0:02:19]} Nd5 {[%emt 0:08:29] [#]} 23. Na5 {[%emt 0:05:56]} Nxf4 {
[%emt 0:01:51]} 24. Nxb7 {[%emt 0:01:02]} Nxh5 {[%emt 0:00:51]} 25. Rxf7 {
[%emt 0:00:10]} Rxf7 {[%emt 0:00:01]} 26. Be3 {[%emt 0:01:16]} Bxe3 {[%emt 0:
09:10]} 27. Rxe3 {[%emt 0:00:02]} Rf2 {[%emt 0:00:13]} 28. Rc3 {[%emt 0:00:26]}
Nf4 {[%emt 0:00:05]} 29. Kg1 {[%emt 0:01:40]} Rg2+ {[%emt 0:00:01]} 30. Kf1 {
[%emt 0:00:05]} Rxh2 {[%emt 0:00:25]} 31. Rxc7 {[%emt 0:00:05]} Nd5 {[%emt 0:
00:47]} 32. Rc8+ {[%emt 0:00:51]} Kh7 {[%emt 0:00:01]} 33. Kg1 {[%emt 0:00:52]}
Rd2 {[%emt 0:00:59]} 34. Nxd6 {[%emt 0:00:19]} Ne3 {[%emt 0:00:58]} 35. Rc3 {
[%emt 0:03:39]} Nxc2 {[%emt 0:00:55]} 36. Ne4 {[%emt 0:00:05]} Re2 {[%emt 0:01:
01]} 37. Ng5+ {[%emt 0:05:17]} Kh6 {[%emt 0:00:48]} 38. Nf3 {[%emt 0:00:18]}
Ne3 {[%emt 0:01:40]} 39. Nd4 {[%emt 0:00:29]} Rg2+ {[%emt 0:00:23]} 40. Kh1 {
[%emt 0:00:00]} Rd2 {[%emt 0:00:00]} 41. Rxe3 {[%emt 0:01:27]} Rxd4 {[%emt 0:
01:57]} 42. Re6+ {[%emt 0:00:07]} g6 {[%emt 0:00:59]} 43. Rxa6 {[%emt 0:00:06]}
Rd1+ {[%emt 0:00:05]} 44. Kg2 {[%emt 0:00:03]} Rd2+ {[%emt 0:00:01]} 45. Kf3 {
[%emt 0:00:08]} Rxb2 {[%emt 0:00:05] Esta vez la fuerza y la energía del
joven Elham no fue suficiente para ganar} 1/2-1/2